• 首页
  • 本馆介绍
  • 公告通知
  • 最新文献
  • 馆藏检索
  • 电子资源
  • 读者导购
  • 参考咨询
  • 我的图书馆
  • 登录
  • 详细信息显示
  • 放入我的书架
  • 预约/预借图书
  • 作者相关作品
  • 分类相关作品
  • 丛书相关作品
  • 出版社相关作品

书目信息

  • 表格格式
  • 工作单格式
  • 卡片格式
题名:
原来你是这样的西晋
    
 
作者: 兰陵柳叶刀 著
分册:  
出版信息: 北京   当代世界出版社  2018
页数: 263页
开本: 24cm
丛书名:
单 册:
中图分类: K237.109
科图分类:
主题词: 中国历史--zhong guo li shi--西晋时代--通俗读物
电子资源:
ISBN: 978-7-5090-1296-3
000 01005nam0 2200253 450
001 012001011305
005 20140101162509.0
010    @a978-7-5090-1296-3@dCNY39.80
099    @aCAL 012018092231
100    @a20180719d2018 em y0chiy50 ea
101 0  @achi
102    @aCN@b110000
105    @ay z 000yy
106    @ar
200 1  @a原来你是这样的西晋@Ayuan lai ni shi zhe yang de xi jin@f兰陵柳叶刀著
210    @a北京@c当代世界出版社@d2018
215    @a263页@d24cm
314    @a兰陵柳叶刀,原名李明睿,生长于东北。
330    @a本书作者用通俗易懂的语言, 对西晋的历史进行忠实的记述。打破传统以时间为线索的叙述方式, 采用以人物为基础模块, 如司马懿父子, 通过一个个史实故事, 讲述一个刀光剑影、热血沸腾的时代。作者语言诙谐, 笔记下人物有血有肉, 鲜活生动, 为读者呈现一个不一样的西晋。
606 0  @a中国历史@Azhong guo li shi@z西晋时代@j通俗读物
690    @aK237.109@v5
701  0 @a兰陵柳叶刀@Alan ling liu ye dao@4著
801  2 @aCN@b上海新华@c20191020
905    @b1138426-9@dK237.109@e120@f4
    
    原来你是这样的西晋/兰陵柳叶刀著.-北京:当代世界出版社,2018
    263页;24cm
    
    
    ISBN 978-7-5090-1296-3:CNY39.80
    本书作者用通俗易懂的语言, 对西晋的历史进行忠实的记述。打破传统以时间为线索的叙述方式, 采用以人物为基础模块, 如司马懿父子, 通过一个个史实故事, 讲述一个刀光剑影、热血沸腾的时代。作者语言诙谐, 笔记下人物有血有肉, 鲜活生动, 为读者呈现一个不一样的西晋。
●
相关链接 在E读中查询图书 在五车中查询图书 在当当中查询图书 在豆瓣中查询图书


正题名:原来你是这样的西晋     索取号:K237.109/120         预约/预借

序号 登录号 条形码 馆藏地/架位号 状态 备注
1 1138426   211384269   第二样本阅览室/ [索取号:K237.109/120] 在馆    
2 1138427   211384278   第二借阅区/ [索取号:K237.109/120] 在馆    
3 1138428   211384287   第二借阅区/ [索取号:K237.109/120] 在馆    
4 1138429   211384296   第二借阅区/ [索取号:K237.109/120] 在馆    
唐山师范学院图书馆 欢迎您!
大连网信软件有限公司© 版权所有